Vplyv dotácií, úverov a daní na prevádzkový cash flow podnikov poľnohospodárskej prvovýroby
Vplyv daní a úrokov z prijatých úverov na prevádzkový cash flow (CF) v slovenskom poľnohospodárstve. Rozdiely v prevádzkovom cash flow v jednotlivých regiónoch. Dotácie sú podstatnou súčasťou prevádzkového CF, najmä v oblastiach LFA.
Uložené v:
| Hlavný autor: | |
|---|---|
| Ďalší autori: | |
| Médium: | Kapitola |
| Jazyk: | Slovak |
| Predmet: | |
| Tagy: |
Žiadne tagy, Buďte prvý, kto otaguje tento záznam!
|
MARC
| LEADER | 00000nla a2200000 4500 | ||
|---|---|---|---|
| 001 | 0195027 | ||
| 005 | 20240417075051.5 | ||
| 041 | 0 | |a slo | |
| 044 | |a SK | ||
| 245 | 1 | 0 | |a Vplyv dotácií, úverov a daní na prevádzkový cash flow podnikov poľnohospodárskej prvovýroby |c Jozef Bojňanský, Marián Tóth |
| 520 | |a Vplyv daní a úrokov z prijatých úverov na prevádzkový cash flow (CF) v slovenskom poľnohospodárstve. Rozdiely v prevádzkovom cash flow v jednotlivých regiónoch. Dotácie sú podstatnou súčasťou prevádzkového CF, najmä v oblastiach LFA. | ||
| 610 | 2 | 0 | |a podnik poľnohospodársky |
| 610 | 2 | 0 | |a cash flow |
| 610 | 2 | 0 | |a dane z príjmov |
| 610 | 2 | 0 | |a úrok |
| 610 | 2 | 0 | |a úver poľnohospodársky |
| 610 | 2 | 0 | |a Slovensko |
| 100 | 1 | |a Bojňanský, Jozef | |
| 700 | 1 | |a Tóth, Marián | |